Zlé vzťahy drevárov a lesníkov škodia celej ekonomike
Zvyšovanie významu dreva vo svetovom hospodárstve. Množstvo problémov hospodárenia s drevom na Slovensku. Pre odvetvie spracovania dreva chýbajú plynulé dodávky drevnej suroviny. Zlé vzťahy drevospracujúceho priemyslu a lesného hospodárstva v SR - príčiny. Potreba koordinácie. Málo platieb za málo d...
Uložené v:
| Hlavný autor: | |
|---|---|
| Médium: | Kapitola |
| Jazyk: | Slovak |
| Predmet: | |
| Tagy: |
Žiadne tagy, Buďte prvý, kto otaguje tento záznam!
|
MARC
| LEADER | 00000naa a2200000 4500 | ||
|---|---|---|---|
| 001 | r045749 | ||
| 005 | 20230921114055.1 | ||
| 041 | 0 | |a slo | |
| 044 | |a SK | ||
| 245 | 1 | 0 | |a Zlé vzťahy drevárov a lesníkov škodia celej ekonomike |c Roman Réh |
| 520 | |a Zvyšovanie významu dreva vo svetovom hospodárstve. Množstvo problémov hospodárenia s drevom na Slovensku. Pre odvetvie spracovania dreva chýbajú plynulé dodávky drevnej suroviny. Zlé vzťahy drevospracujúceho priemyslu a lesného hospodárstva v SR - príčiny. Potreba koordinácie. Málo platieb za málo dodávaného dreva do slovenských firiem. | ||
| 610 | 2 | 0 | |a drevo |
| 610 | 2 | 0 | |a lesníctvo |
| 610 | 2 | 0 | |a lesy |
| 610 | 2 | 0 | |a priemysel drevársky |
| 610 | 2 | 0 | |a dodávky |
| 610 | 2 | 0 | |a koordinácia |
| 610 | 2 | 0 | |a Slovensko |
| 100 | 1 | |a Réh, Roman | |